000 00679nam a2200229Ia 4500
003 OSt
005 20220918202415.0
006 a|||||r|||| 00| 0
007 ta
008 220917b |||||||| |||| 00| 0 eng d
024 _a101,015
037 _cTextual
040 _aARTS
_cARTS
_beng
041 _2eng
_aeng
082 _aV235:1:M9, B9
100 _aDurand Colonel Algernon
_9103598
245 0 _aMaking of a frontier
_b five years' experience and adventures in gilgit, Hunza, Nagar, Chitral, and the eastern Hindu-Kush
260 _c1889
650 _aHISTORY
942 _hV235:1:M9, B9
_cTEXL
_2CC
999 _c224531
_d224531